000 00809nam a2200253 a 4500
001 000021228
005 20200930011252.0
008 100902s1996 sp a 000 p spa d
020 _a8437614759
040 _aDO-SdBNP
_bspa
_cBNPHU
082 _a861.5
_bC198a
100 1 _aCampoamor, Ramón de,
_d1817-1901
_99880
245 1 0 _aAntología poética /
_cRamón de Campoamor ; edición de Víctor Montolí.
260 _aMadrid :
_bCátedra,
_c1996.
300 _a427, [5] p. :
_bil. ;
_c18 cm.
490 1 _aLetras hispánicas
_v416
650 4 _aPoesía española
_9631
650 4 _aLiteratura española
_xColecciones
_94174
650 4 _aLiteratura española
_ySIGLO XIX
_93067
700 1 _aMontolí, Víctor,
_eed.
_944371
830 0 _aLetras hispánicas;
_v416
_94208
910 _aWM
049 _aBNGR
999 _c20729
_d20729